000
00296nam a22001337a 4500
008
170922b xxu||||| |||| 00| 0 eng d
020
_a
0716707373
041
_a
eng
080
_a
37
100
_a
46
101
_a
EDY
245
_a
INTEKKIGENCE AND ENVIRONMENT
_c
VERNON.P.E
942
_2
udc
_c
BK
999
_c
29254
_d
29254